Central Library OPAC University of Rajshahi

The military history of Bengal / (Record no. 60196)

MARC details
000 -LEADER
fixed length control field 00685nam a2200241 a 4500
001 - CONTROL NUMBER
control field 60196
003 - CONTROL NUMBER IDENTIFIER
rucl marc code BD-RjUL
005 - DATE AND TIME OF LATEST TRANSACTION
control field 20211209080819.0
008 - FIXED-LENGTH DATA ELEMENTS--GENERAL INFORMATION
fixed length control field 790130s1977 ii b b 001 0 eng
020 ## - INTERNATIONAL STANDARD BOOK NUMBER
Terms of availability Rs50.00
035 ## - SYSTEM CONTROL NUMBER
System control number (BD-RjUL)60320
040 ## - CATALOGING SOURCE
Original cataloging agency DLC
Transcribing agency DLC
Modifying agency BD-RjUL
Language of cataloging eng
041 ## - LANGUAGE CODE
Language code of text/sound track or separate title eng
082 00 - DEWEY DECIMAL CLASSIFICATION NUMBER
Classification number 355.1095414
Edition number 23
Author mark and year SEM 1977
100 1# - MAIN ENTRY--PERSONAL NAME
Personal name Sensarma, P.
9 (RLIN) 179217
245 14 - TITLE STATEMENT
Title The military history of Bengal /
Statement of responsibility, etc. P. Sensarma.
260 ## - PUBLICATION, DISTRIBUTION, ETC. (IMPRINT)
Place of publication, distribution, etc. Calcutta :
Name of publisher, distributor, etc. distributor, Naya Prokash,
Date of publication, distribution, etc. c1977.
300 ## - PHYSICAL DESCRIPTION
Pagination xi, 232 p. :
Illustrations ill. ;
Size 23 cm.
500 ## - GENERAL NOTE
General note Includes index.
651 #0 - SUBJECT ADDED ENTRY--GEOGRAPHIC NAME
Geographic name Bengal (India)
General subdivision History, Military.
9 (RLIN) 179218
942 ## - ADDED ENTRY ELEMENTS (KOHA)
Source of classification or shelving scheme Dewey Decimal Classification
Koha item type Books
Holdings
Lost status Source of classification or shelving scheme Damaged status Not for loan Collection code Permanent Location Current Location Shelving location Date acquired Source of acquisition Cost, normal purchase price Total Checkouts Full call number Date last seen Copy number Koha item type
  Dewey Decimal Classification   Not For Loan Non-fiction Central Library, University of Rajshahi Central Library, University of Rajshahi Reading Room 10/10/1987 Zeit. 165.00   355.1095414 SEM 1977 29/12/2016 C-1 Books